Tendencias y desafíos de la agricultura, los montes y la pesca en América Latina y el Caribe 2004. Trends and challenges in Latin American and Caribbean agriculture, forestry and fisheries 2004
La Oficina Regional de la FAO para América Latina y el Caribe (FAO/RLC) elabora cada dos años el documento "Tendencias y Desafíos de la Agricultura, los Montes y la Pesca en América Latina y el Caribe", en apoyo a la Conferencia Regional de la FAO. Este ejercicio ha sido realizado para las...
Guardat en:
| Autor corporatiu: | |
|---|---|
| Format: | Text |
| Publicat: |
Oficina Regional de la FAO
|
| Matèries: | |
| Etiquetes: |
Afegir etiqueta
Sense etiquetes, Sigues el primer a etiquetar aquest registre!
|
MARC
| LEADER | 00000 a a2200000 04500 | ||
|---|---|---|---|
| 001 | 32122 | ||
| 003 | |||
| 040 | |||
| 090 | |a 200900 |b RECURSO ELECTRONICO | ||
| 110 | |a Organización de las Naciones Unidas para la Agricultura y la Alimentación | ||
| 245 | |a Tendencias y desafíos de la agricultura, los montes y la pesca en América Latina y el Caribe 2004. Trends and challenges in Latin American and Caribbean agriculture, forestry and fisheries 2004 | ||
| 260 | |a Oficina Regional de la FAO | ||
| 300 | |a 349 p. | ||
| 500 | |a Documento elaborado en apoyo a la Coferencia Regional de la FAO | ||
| 520 | |a La Oficina Regional de la FAO para América Latina y el Caribe (FAO/RLC) elabora cada dos años el documento "Tendencias y Desafíos de la Agricultura, los Montes y la Pesca en América Latina y el Caribe", en apoyo a la Conferencia Regional de la FAO. Este ejercicio ha sido realizado para las cuatro últimas conferencias regionales (1998, 2000, 2002 y 2004). La interacción con los países miembros en la preparación de este documento ha presentado dos orientaciones principales: Primero, el interés en manejar el conjunto de variables que inciden en el desarrollo agrícola y la seguridad alimentaria, considerando aspectos técnicos, económicos y sociales, incluyendo el análisis del contexto internacional. Segundo, no solamente conocer las tendencias regionales, sino ubicar el propio país en comparación con otros países y dentro del ámbito regional. Ambas orientaciones, la mayor amplitud en los temas a desarrollar y el mayor detalle en el tratamiento de los mismos para incorporar información a nivel de países y subregiones, implicaron una dimensión mayor del trabajo y obligaron a organizar el manejo de información de muy diversas fuentes además de FAOSTAT, entre otras, PNUD, OMC, FMI, UNCTAD, CEPAL y OCDE. El presente libro analiza las tendencias y temas emergentes en cuatro áreas principales: i) inserción internacional, ii) marco macroeconómico, iii) desarrollo agrícola sectorial y iv) comercio internacional de productos agrícolas. Además, se incluye un quinto capítulo sobre orientaciones de política y un Anexo Estadístico | ||
| 650 | |a AGRICULTURA | ||
| 650 | |a TENDENCIAS | ||
| 650 | |a ECONOMIA INTERNACIONAL | ||
| 650 | |a DESARROLLO AGRICULA | ||
| 650 | |a PRODUCCION AGROPECUARIA | ||
| 650 | |a PESCA | ||
| 650 | |a GANADERIA | ||
| 650 | |a PRODUCCION FORESTAL | ||
| 650 | |a INDICES DE PRODUCCION | ||
| 650 | |a CRECIMIENTO ECONOMICO | ||
| 650 | |a DISTRIBUCION DEL INGRESO | ||
| 650 | |a POBLACION RURAL | ||
| 650 | |a POBLACION URBANA | ||
| 999 | |c 3551 |d 3551 | ||
